Enciclopedia temática Lexus / (Registro nro. 11574)

Detalles MARC
000 -LIDER
fixed length control field 01251nam a22003017a 4500
001 - NÚMERO DE CONTROL
Identificador de número de control 000554
003 - IDENTIFICACDOR DE NÚMERO DE CONTROL
control field DO-SdBNP
005 - DATE AND TIME OF LATEST TRANSACTION
control field 20170905104733.0
007 - CAMPOS FIJOS DE DESCRIPCIÓN FÍSICA
fixed length control field 000554
008 - ELEMENTOS DE LONGITUD FIJA
fixed length control field 161017b 2010 sp a ||||| |||| 00| 0 spa d
020 ## - ISBN
International Standard Book Number 9789962897828 (obra completa)
020 ## - ISBN
International Standard Book Number 9789962897835 (V. 1)
020 ## - ISBN
International Standard Book Number 9789962897842 (V. 2)
020 ## - ISBN
International Standard Book Number 9789962897835 (V. 3)
020 ## - ISBN
International Standard Book Number 9789962897866 (V. 4)
040 ## - FUENTE DE CATALOGACIÓN
Agencia que crea de manera original el registro BPMSU
Idioma de catalogación spa
Agencia que realiza la transcripción BPMSU
082 ## - NÚMERO DE CLASIFICACIÓN DECIMAL DE DEWEY
Classification number R 036
Item number E56t
245 00 - MENCIÓN DE TITULO
Título Enciclopedia temática Lexus /
Mención de responsabilidad dirección editorial ; Sacramento Nieto ; dirección de la obra Puri Ballús
260 ## - PUBLICACIÓN, DISTRIBUCIÓN, ETC. (PIE DE IMPRENTA)
Lugar de publicación, distribución, etc Barcelona, España :
Nombre del editor, distribuidor, etc. Thema Equipo Editorial : Lexus Editores,
Fecha de publicación, distribución, etc 2010.
300 ## - DESCRIPCIÓN FÍSICA
Extensión 4 v. :
Otros detalles físicos il. ;
Dimensiones 27 cm.
505 0# - NOTA DE CONTENIDO
Información miscelánea v.1.
Título Geografía, ciencias naturales, anatomía. --
Información miscelánea v.2.
Título Educación sexual, historia universal, arte. --
Información miscelánea v.3.
Título Lengua y gramática, literatura universal, matemáticas. --
Información miscelánea v.4.
Título Física, química, computación y tecnología
650 #4 - ENCABEZAMIENTO DE MATERIA--TEMÁTICO
Término temático o nombre geográfico como elemento de entrada ENCICLOPÉDIAS Y DICCIONARIOS ESPAÑOLES
700 12 - ASIENTO SECUNDARIO -- NOMBRE PERSONAL
Nombre personal Nieto, Sacramento,
Mención de responsabilidad dir.
700 12 - ASIENTO SECUNDARIO -- NOMBRE PERSONAL
Nombre personal Ballús, Puri,
Mención de responsabilidad dir.
910 ## - VALIDACIÓN
Validación Validado. Control de calidad MFF
942 ## - ADDED ENTRY ELEMENTS (KOHA)
Source of classification or shelving scheme Dewey Decimal Classification
Koha item type Libros
956 ## - LOCAL ELECTRONIC LOCATION AND ACCESS (OCLC)
Método de acceso LOPEREZ
Materiales especificados 10
Enlace 20161017
Campo enlazado y núm. de secuencia BPMSU
Nombre de host 00041
Existencias
Withdrawn status Lost status Source of classification or shelving scheme Damaged status Not for loan Collection code Home library Current library Date acquired Source of acquisition Total Checkouts Full call number Barcode Date last seen Copy number Price effective from Koha item type
    Dewey Decimal Classification     Colección de Referencia General Biblioteca Pública Metropolitana Salomé Ureña Biblioteca Pública Metropolitana Salomé Ureña 10/17/2016 Compra   R 036 E56t BPMSU16100180 10/17/2016 v. 1 10/17/2016 Referencia
    Dewey Decimal Classification     Colección de Referencia General Biblioteca Pública Metropolitana Salomé Ureña Biblioteca Pública Metropolitana Salomé Ureña 10/17/2016 Compra   R 036 E56t BPMSU16100181 10/17/2016 v. 2 10/17/2016 Referencia
    Dewey Decimal Classification     Colección de Referencia General Biblioteca Pública Metropolitana Salomé Ureña Biblioteca Pública Metropolitana Salomé Ureña 10/17/2016 Compra   R 036 E56t BPMSU16100182 10/17/2016 v. 3 10/17/2016 Referencia
    Dewey Decimal Classification     Colección de Referencia General Biblioteca Pública Metropolitana Salomé Ureña Biblioteca Pública Metropolitana Salomé Ureña 10/17/2016 Compra   R 036 E56t BPMSU16100183 10/17/2016 v. 4 10/17/2016 Referencia